Pays dans leur langue d'origine - Statistiques

Statistiques générales
  • Ce quiz a été pris 14 666 fois
  • Le résultat moyen est 7 sur 20
Statistiques - réponses
Endonyme Nom français % Correct
日本 Nihon Japon
80%
Россия Rossiya Russie
77%
대한민국 Daehanminguk Corée du Sud
72%
Ελλάδα Elláda Grèce
70%
יִשְׂרָאֵל Yisra'el Israël
61%
Қазақстан Qazaqstan Kazakhstan
59%
ایران Iran Iran
46%
Кыргызстан Kyrgyzstan Kirghizistan
39%
България B'lgariya Bulgarie
32%
भारत ; భారతదేశం Bharat; Bharatadeśaṁ Inde
24%
Lmaghrib; al-Maghrib Maroc
21%
საქართველო Sakartvelo Géorgie
20%
नेपाल Ne'pal Népal
19%
ប្រទេស​កម្ពុជា Kampuchea Cambodge
18%
ኢትዮጵያ ʾItyoppya Éthiopie
16%
Հայաստան Hayastan Arménie
15%
ශ්‍රී ලංකාව ; இலங்கை Sri Lamka; Ilankai Sri Lanka
15%
ລາວ Lao Laos
14%
འབྲུག་རྒྱལ་ Dru Ü Bhoutan
9%
ሃገረ ኤርትራ Eretra Érythrée
8%
Aucun quiz correspondant
Distribution des résultats
% des personnes avec chaque résultat
Percentile par nombre de réponses
Votre historique - résultats
Vous n’avez pas pris ce quiz